000 00536nam a2200181Ia 4500
003 OSt
005 20260202110432.0
008 210210b1949 xxu||||| |||| 00| 0 eng d
040 _cAL
041 _aKannada
082 _a853/92
100 _aKRISHNARAV (A N)
_979715
_d ಕೃಷ್ಣರಾವ್ (ಎಎನ್).
245 _aJagajjoti basaveshvara
_bಜಗಜ್ಜ್ಯೋತಿ ಬಸವೇಶ್ವರ
260 _aMaisuru
_bUsha Sahitya Male
_c1949
690 _aKannada Drama
_979716
906 _a019364
942 _2ddc
_cBK
999 _c143484
_d143484